សាងសង់ស្ថានីយបូមទឹកធម្មយុទ្ធ ឃុំចំប៉ី ស្រុកបាទី ខេត្តតាកែវ (Record no. 9929)
[ view plain ]
| 000 -LEADER | |
|---|---|
| fixed length control field | 00444nam a22001217a 4500 |
| 040 ## - CATALOGING SOURCE | |
| Transcribing agency | HS |
| 082 ## - DEWEY DECIMAL CLASSIFICATION NUMBER | |
| Classification number | 624 |
| 110 ## - MAIN ENTRY--CORPORATE NAME | |
| Corporate name or jurisdiction name as entry element | នាយកដ្ឋានធារាសាស្ត្រកសិកម្ម |
| 245 ## - TITLE STATEMENT | |
| Title | សាងសង់ស្ថានីយបូមទឹកធម្មយុទ្ធ ឃុំចំប៉ី ស្រុកបាទី ខេត្តតាកែវ |
| 260 ## - PUBLICATION, DISTRIBUTION, ETC. (IMPRINT) | |
| Place of publication | Cambodia |
| Name of publisher | 2009 |
| 300 ## - PHYSICAL DESCRIPTION | |
| Number of Pages | NA |
| 942 ## - ADDED ENTRY ELEMENTS (KOHA) | |
| Koha item type | សៀវភៅភាសាខ្មែរ |
| 952 ## - LOCATION AND ITEM INFORMATION (KOHA) | |
| Withdrawn status [LOCAL, KOHA] | 0 |
| Permanent Location | Date acquired | Koha item type | Lost status | Shelving location | Barcode | Current Location | Full call number |
|---|---|---|---|---|---|---|---|
| Library Block C | 2016-09-15 | សៀវភៅភាសាខ្មែរ | C258 | A01625 | Library Block B | 624 កសិកម្ម 2016 C258 |